All-Time Premier League Goalscorers from Asia & Oceania - Statistics

General Stats
  • This quiz has been taken 15 times
  • The average score is 6 of 10
Answer Stats
Country Goals Scored Player % Correct
South Korea 102 Son Heung-min
100%
New Zealand 55 Chris Wood
87%
Australia 92 Mark Viduka
80%
Australia 56 Tim Cahill
80%
Australia 57 Harry Kewell
67%
South Korea 19 Park Ji-sung
67%
Israel 31 Yossi Benayoun
60%
Israel 17 Eyal Berkovic
7%
South Korea 15 Ki Sung-Yueng
7%
Turkey 20 Tuncay Sanli
7%
No matching quizzes found
Score Distribution
Percent of People with Each Score
Percentile by Number Answered
Your Score History
You have not taken this quiz